000 00315nam a22001337a 4500
008 170828b xxu||||| |||| 00| 0 eng d
020 _a9780205393213
041 _aeng
080 _210 ED
_a070
100 _a39
101 _aMED
245 _aTHE INTERPERSONAL COMMUNIICATION
_cDEVITO.J.A
942 _2udc
_cBK
999 _c25216
_d25216